Statistiques concernant Top des langues du monde

Cliquez ici pour prendre le quiz!

Statistiques générales

  • Ce quiz a été pris 273 fois
  • Le résultat moyen est 19 sur 58

Statistiques - réponses

#langue% Correct
360 milanglais
98%
405 milespagnol
98%
75 milfrançais
97%
295 milarabe
89%
955 milmandarin
89%
215 milportugais
89%
155 milrusse
88%
125 miljaponais
85%
59 militalien
84%
89 milallemand
77%
310 milhindi
67%
40 milpolonais
63%
77 milmalais/indonésien
62%
76 milcoréen
61%
63 milturc
61%
21 milnéerlandais
59%
24 milroumain
54%
56 milthaï
50%
30 milukrainien
49%
76 milvietnamien
48%
59 milcantonais
45%
19 milserbo-croate
45%
45 milpersan
41%
205 milbengali
40%
70 miltamoul
38%
66 milourdou
29%
33 milbirman
26%
28 miltagalog
23%
39 milpachto
17%
21 milkurde
15%
26 milouzbek
15%
82 miljavanais
14%
80 milwu
14%
25 milamharique
10%
23 milazéri
10%
49 milgujarati
9%
24 milibo
9%
102 milpendjabi
9%
73 milmarathi
8%
25 milpeul
8%
34 milhaoussa
6%
76 miltélougou
6%
38 milkannada
5%
47 milmin nan
5%
48 milgin
4%
38 milmalayalam
4%
28 milyoruba
4%
22 milgan
3%
31 milhakka
3%
24 miloromo
3%
26 milsindhi
3%
21 milcebuano
2%
33 milodia
2%
38 milxiang
2%
22 milawadhi
1%
29 milbhodjpouri
1%
27 milmaïthili
1%
38 milsoundanais
1%

Distribution des résultats

Percentile par nombre de réponses

% des personnes avec chaque résultat

Votre développement - résultats

Vous n’avez pas pris ce quiz